| 000 | 00479nam a2200169 4500 | ||
|---|---|---|---|
| 001 | 108492 | ||
| 003 | ES-MaACL | ||
| 005 | 20230906184642.0 | ||
| 007 | t| | ||
| 008 | 061121s1967 sp r ||||1| spa d | ||
| 100 | 1 |
_aMontes, Santiago. _982561 |
|
| 245 | 1 | 0 | _aTeatro de Santiago Montes. |
| 260 |
_a[Valladolid : _bs.n., _c1967] ( _fTip. Minerva) |
||
| 300 |
_a22 hoj. ; _c16 cm. |
||
| 505 | 8 | _aContiene: El juego; Prometeo; ClavileƱo | |
| 852 |
_aES-MaACL _j2059-F-18 _bR.64928 |
||
| 999 |
_c108492 _d108492 |
||